The Forged Genius/ (Record no. 201539)
[ view plain ]
| 000 -LEADER | |
|---|---|
| fixed length control field | 00609nam a22001937a 4500 |
| 005 - DATE AND TIME OF LATEST TRANSACTION | |
| control field | 20240315154636.0 |
| 010 ## - LCCN (DPL NO) | |
| LC control number | ENG-139725 |
| 020 ## - INTERNATIONAL STANDARD BOOK NUMBER | |
| International Standard Book Number | 9788180481840 |
| Terms of availability | 425.00 |
| 035 ## - SYSTEM CONTROL NUMBER | |
| System control number | EN-123257 |
| 037 ## - SOURCE OF ACQUISITION | |
| Source of stock number/acquisition | DBAD/PUB |
| 082 ## - DEWEY DECIMAL CLASSIFICATION NUMBER | |
| Classification number | 370.152 |
| 100 ## - MAIN ENTRY--PERSONAL NAME | |
| Personal name | Joshi Nimai |
| 245 ## - TITLE STATEMENT | |
| Title | The Forged Genius/ |
| Statement of responsibility, etc | Nimai Joshi |
| 260 ## - PUBLICATION, DISTRIBUTION, ETC. (IMPRINT) | |
| Place of publication, distribution, etc | Chandigarh |
| Name of publisher, distributor, etc | Arun publishing House pvt. ltd. |
| Date of publication, distribution, etc | 2011 |
| 270 ## - ADDRESS | |
| City | Chandigarh |
| Address | SCO 49-51, SECTOR 17 C |
| Postal code | 160017 |
| Telephone number | (0172)-2702189 |
| Electronic mail address | arunpublishing@gmail.com |
| 300 ## - PHYSICAL DESCRIPTION | |
| Extent | 191p. |
| Dimensions | 23cm(hbk) |
| Other physical details | |
| 700 ## - ADDED ENTRY--PERSONAL NAME | |
| Personal name | Nimai Joshi |
| 9 (RLIN) | 63447 |
| 942 ## - ADDED ENTRY ELEMENTS (KOHA) | |
| Source of classification or shelving scheme | Dewey Decimal Classification |
| Item type | English Books |
| Call number suffix | Nim |
| Classification part | 370.152 |
| Edition | 1 |
| Withdrawn status | Lost status | Not for loan | Collection code | Home library | Current library | Date acquired | Source of acquisition | Cost, normal purchase price | Full call number | Barcode | Copy number | Cost, replacement price | Koha item type |
|---|---|---|---|---|---|---|---|---|---|---|---|---|---|
| Non-fiction | Bawana | Bawana | 15/03/2024 | DBAD | 425.00 | 370.152 NIM | EN-123257 | 1 | 425.00 | English Books |
